LEADER 01291nam 2200337 n 450 001 996390706703316 005 20200818224238.0 035 $a(CKB)4940000000100896 035 $a(EEBO)2240890845 035 $a(UnM)99835914e 035 $a(UnM)99835914 035 $a(EXLCZ)994940000000100896 100 $a19900816d1616 uy | 101 0 $aeng 135 $aurbn||||a|bb| 200 00$aCertaine comfortable sermons vpon the 124. Psalme$b[electronic resource] $etending to stirre vp to thankefulnesse for our deliuerance from the late Gunpowder-treason: preached before the Lady Elizabeth her Grace, at Combe: by Daniel Dike preacher of the Word of God. Seene and allowed 210 $aLondon $cPrinted by Thomas Snodham for Henry Fetherstone dwelling in Pauls Church-yard at the signe of the Rose$d1616 215 $a[14], 98 p 300 $aReproduction of the original in the British Library. 330 $aeebo-0018 606 $aSermons, English$y17th century 615 0$aSermons, English 700 $aDyke$b Daniel$fd. 1614.$01004969 801 0$bCu-RivES 801 1$bCu-RivES 801 2$bCStRLIN 801 2$bWaOLN 906 $aBOOK 912 $a996390706703316 996 $aCertaine comfortable sermons vpon the 124. Psalme$92365521 997 $aUNISA LEADER 00906nam a2200265 i 4500 001 991001687509707536 005 20020507150550.0 008 000321s1988 it ||| | ita 020 $a8813162839 035 $ab11549609-39ule_inst 035 $aLE02723241$9ExL 040 $aDip.to Studi Giuridici$bita 084 $aAM-XII/B 100 1 $aCaccin, Riccardo$038970 245 10$aAmbiente e sua protezione /$cRiccardo Caccin 250 $a2. ed. 260 $aPadova :$bCEDAM,$c1988 300 $aviii, 477 p. ;$c24 cm. 490 0 $aUrbanistica, opere pubbliche, espropriazioni ;$v10 907 $a.b11549609$b01-03-17$c02-07-02 912 $a991001687509707536 945 $aLE027 AM-XII/B 3$g1$i2027000197002$lle027$o-$pE0.00$q-$rl$s- $t0$u1$v0$w1$x0$y.i1174909x$z02-07-02 996 $aAmbiente e sua protezione$962362 997 $aUNISALENTO 998 $ale027$b01-01-00$cm$da $e-$fita$git $h0$i1 LEADER 01330nas 2200457- 450 001 9910726481503321 005 20230415213022.0 035 $a(DE-599)ZDB2720006-1 035 $a(OCoLC)819407718 035 $a(CKB)2560000000096296 035 $a(CONSER)--2012273786 035 $a(EXLCZ)992560000000096296 100 $a20121127a20139999 --- a 101 0 $aeng 135 $aur||||||||||| 181 $ctxt$2rdacontent 182 $cc$2rdamedia 183 $acr$2rdacarrier 200 04$aThe AAG review of books 210 1$aPhiladelphia, PA :$cTaylor & Francis Group, LLC,$d2013- 215 $a1 online resource 311 $a2325-548X 517 1 $aAAG review 517 1 $aAssociation of American Geographers review of books. 606 $aGeography$vPeriodicals 606 $aGeography$vBook reviews$vPeriodicals 606 $aGeography$2fast$3(OCoLC)fst00940469 608 $aInternet resource. 608 $aBook reviews.$2fast 608 $aPeriodicals.$2fast 608 $aPeriodicals.$2lcgft 610 $aGeography-General 615 0$aGeography 615 0$aGeography 615 7$aGeography. 676 $a910 712 02$aAssociation of American Geographers, 906 $aJOURNAL 912 $a9910726481503321 996 $aThe AAG review of books$93380598 997 $aUNINA